01721nam a2200397Ic 450000100060000000300100000600500170001600700030003300800410003602000180007704000350009504100130013008200210014310000370016424502330020125000220043426400760045630000450053233600270057733700330060433800280063750400410066552100410070653400760074754500720082365000330089565000210092865000450094970000310099470000510102570000310107670000550110794200120116299900170117495201320119158577CO-BoRNBP20250826221301.0ta210804s2017 ck ad er 000 0dspa d a9789587810684 aCO-BoRNBPbspaerdacCO-BoRNBP1 aspaheng04a307.14bG31r222 aGibson-Graham, J. K.eaut96357410aRetomemos la economía :buna guía ética para transformar nuestras comunidades /cJ. K. Gibson-Graham, Jenny Cameron, Stephen Healy ; traducción de William Enrique Sánchez Amézquita, María Juliana Flórez Flórez. aPrimera edición 1aBogotá, Colombia :bEditorial Pontificia Universidad Javeriana,c2017 a270 páginas :bilustraciones, graficas atextobtxt2rdacontent asin mediaciónbn2rdamedia avolumenbnc2rdacarrier aIncluye referencias bibliográficas aRecomendado para un público adulto tTake back the economy an ethical guide for transforming our communities aIncluye datos biográficos de la autora y traductores en la solapa07aDesarrollo económico2lemb07aEconomía2lemb07aPlanificación económica2lemb963575 aCameron, Jennyeaut963576 aFlórez Flórez, María Julianaetrl963577 aHealy, Stepheneaut963578 aSánchez Amézquita, William Enriqueetrl963579 2ddccBK c58577d58577 00102ddc40708GENaMEMAPJGAbMEMAPJGAcGENd2025-08-26l0o307.14 G31rpMPJG00620r2025-08-26 22:13:29tEj.1w2025-08-26yBK